Milagro cotidiano : cuentos /
Bewaard in:
| Hoofdauteur: | |
|---|---|
| Formaat: | Onbekend |
| Taal: | Spanish |
| Gepubliceerd in: |
San José, Costa Rica :
Biblioteca rodante,
1975.
|
| Reeks: | (Biblioteca Rodante Nuevo Horizonte ;
6) |
| Onderwerpen: | |
| Tags: |
Voeg label toe
Geen labels, Wees de eerste die dit record labelt!
|
MARC
| LEADER | 000000000a22000000004500 | ||
|---|---|---|---|
| 001 | 002533 | ||
| 041 | 0 | |a spa | |
| 082 | 0 | 4 | |a CR863.4 |b L579m |
| 100 | 1 | |a León Rojas, Mario Enrique, |d 1942- | |
| 245 | 1 | 0 | |a Milagro cotidiano : |b cuentos / |c Mario Enrique León Rojas. |
| 260 | 1 | |a San José, Costa Rica : |b Biblioteca rodante, |c 1975. | |
| 300 | |a 32 páginas : |b ilustraciones | ||
| 490 | 1 | |a (Biblioteca Rodante Nuevo Horizonte ; |v 6) | |
| 650 | 4 | |a LITERATURA COSTARRICENSE | |
| 650 | 4 | |a CUENTOS | |
| 999 | |c 8927 |d 8927 | ||
| 942 | |c BK |h CR863.4 L579m |2 z | ||
